Capital cities with 'port' in name - Statistics

General Stats
  • This quiz has been taken 54 times
  • The average score is 4 of 6
Answer Stats
Capital city % Correct
Port-au-Prince
88%
Port Moresby
82%
Port-of-Spain
82%
Port Louis
71%
Port Vila
63%
Porto-Novo
61%
No matching quizzes found
Score Distribution
Percent of People with Each Score
Percentile by Number Answered
Your Score History
You have not taken this quiz